Statistical methods (Record no. 35846)
[ view plain ]
| 000 -LEADER | |
|---|---|
| fixed length control field | 00190nam a2200097Ia 4500 |
| 082 ## - DEWEY DECIMAL CLASSIFICATION NUMBER | |
| Classification number | 519.5 |
| Item number | GUP |
| 100 ## - MAIN ENTRY--PERSONAL NAME | |
| Personal name | Gupta-S.P |
| 9 (RLIN) | 31 |
| 245 ## - TITLE STATEMENT | |
| Title | Statistical methods |
| 260 ## - PUBLICATION, DISTRIBUTION, ETC. | |
| Date of publication, distribution, etc. | 2021 |
| 942 ## - ADDED ENTRY ELEMENTS (KOHA) | |
| Koha item type | BOOK |
| Withdrawn status | Lost status | Damaged status | Not for loan | Home library | Current library | Date acquired | Inventory number | Total Checkouts | Full call number | Barcode | Date last seen | Date last checked out | Price effective from | Koha item type |
|---|---|---|---|---|---|---|---|---|---|---|---|---|---|---|
| Fr. Agnel's C.Rodrigues College of Engineering | Fr. Agnel's C.Rodrigues College of Engineering | 10/02/2023 | 983 dt 02.02.2023 | 5 | 519.5 GUP | 26067 | 25/11/2025 | 19/09/2025 | 19/06/2023 | BOOK |